00369nam a2200121 a 450000500170000000800410001705000270005824500570008526000340014230000170017644000240019365000300021720140412111402.0060131s19uu xx 00 eng d aTR(GS 428.4bWh55 1997 aWhere is taffy?, B1 /cillustrated by George Ulrich. aChicago :bWorld book,c1997. a12 p. ; ill. aWorld Book, Level B aReadingxEnglish language